Comercio internacional

I tiakina i:
Ngā taipitopito rārangi puna kōrero
Kaituhi matua: Ellsworth, P. T (Author)
Hōputu: Pukapuka
Reo:Pāniora
I whakaputaina: Ciudad de México Fondo de Cultura Económica 1966
Putanga:5a. ed
Rangatū:Obras de Economía
Ngā marau:
Ngā Tūtohu: Tāpirihia he Tūtohu
Kāore He Tūtohu, Me noho koe te mea tuatahi ki te tūtohu i tēnei pūkete!

MARC

LEADER 00000nam a2200000 a 4500
001 UCS2604
003 CL-VaPUC
008 970604e19660000MX |||||||||||||||||spa|d
082 0 4 |a 382  |b ELL  |2 21 
100 0 |a Ellsworth, P. T  |e author  |9 388221 
245 1 0 |a Comercio internacional 
250 |a 5a. ed 
300 |a 565 p 
942 |c BK 
945 |d 19970604 00:00:00  |a paguirre 
260 |a Ciudad de México  |b Fondo de Cultura Económica  |c 1966 
600 0 7 |a FONDO ECONOMICO INTERNACIONAL  |2 CL-VaPUC  |9 388222 
650 7 |a COMERCIO INTERNACIONAL  |2 CL-VaPUC  |9 388223 
650 7 |a SISTEMAS ECONOMICOS INTERNACIONALES  |2 CL-VaPUC  |9 338633 
650 0 |a Teoría económica  |9 315055 
650 0 |a Balanza de pagos  |9 316476 
650 0 |a Economía   |9 255568 
583 |a last modification  |c 19970604 00:00:00  |k Rodrigo Vera 
490 0 |a Obras de Economía 
999 |c 260547  |d 260545 
952 |0 0  |1 0  |4 0  |6 382_000000000000000_ELL_1966  |7 0  |8 P  |9 286738  |a BIBDER  |b BIBDER  |d 2019-11-19  |i 1861727  |o 382 ELL 1966  |p 1861727  |r 2023-01-25  |w 2019-11-19  |y BK  |k DER